00362cam a22001337a 4500008004000000082001600040100001500056245005800071250001200129260002600141300001000167650001900177650003200196180718b1912 xxu||||| |||| 00| 0 eng d aT19x54 K124 aKele, V.G. aIndian industrial and economic problemscby V.G. Kale a3rd ed. aMadrasbNatesamc1912 a344p. aTariff - India aIndia - Economic Conditions